000 00536nam a2200157 a 4500
001 000033243
005 20200930070124.0
008 110823s1973 xxu 000 0 spa d
040 _aDO-SdBNP
_bspa
_cBNPHU
100 1 _aClausner, Marlin D.
_958868
245 1 0 _aRural Santo Domingo :
_bsettled, unsettled, and resettled /
_cMarlin D. Clausner.
260 _aPhiladelphia :
_bTemple University Press,
_c1973.
300 _a323 p. ;
_c24 cm.
500 _aIncluye referencias bibliográficas y notas al pie de las páginas
049 _aBNPD
999 _c32734
_d32734